<?xml version="1.0" encoding="UTF-8"?>
<record
    xmlns:xsi="http://www.w3.org/2001/XMLSchema-instance"
    xsi:schemaLocation="http://www.loc.gov/MARC21/slim http://www.loc.gov/standards/marcxml/schema/MARC21slim.xsd"
    xmlns="http://www.loc.gov/MARC21/slim">

  <leader>01543nam2a22003731  4500</leader>
  <controlfield tag="001">RU\NLR\A1SV\90553</controlfield>
  <controlfield tag="005">20251203152403.2</controlfield>
  <datafield tag="035" ind1=" " ind2=" ">
    <subfield code="a">(NLR Aleph) 009771910</subfield>
  </datafield>
  <datafield tag="090" ind1=" " ind2=" ">
    <subfield code="a">13484619</subfield>
    <subfield code="c">13484619</subfield>
  </datafield>
  <datafield tag="100" ind1=" " ind2=" ">
    <subfield code="a">20081114d1922    u  y0rusy50      ca</subfield>
  </datafield>
  <datafield tag="101" ind1="0" ind2=" ">
    <subfield code="a">rus</subfield>
  </datafield>
  <datafield tag="200" ind1="1" ind2=" ">
    <subfield code="a">1921-1922</subfield>
  </datafield>
  <datafield tag="210" ind1=" " ind2=" ">
    <subfield code="a">[&#x421;&#x430;&#x43C;&#x430;&#x440;&#x430;]</subfield>
    <subfield code="c">&#x421;&#x430;&#x43C;&#x433;&#x443;&#x431;&#x43A;&#x43E;&#x43C;&#x43F;&#x43E;&#x43C;&#x433;&#x43E;&#x43B;&#x43E;&#x434;</subfield>
    <subfield code="d">1922</subfield>
  </datafield>
  <datafield tag="215" ind1=" " ind2=" ">
    <subfield code="a">[8], 382 &#x441;., 1 &#x43B;. &#x442;&#x430;&#x431;&#x43B;.</subfield>
  </datafield>
  <datafield tag="300" ind1=" " ind2=" ">
    <subfield code="a">&#x414;&#x430;&#x442;&#x430; &#x443;&#x43A;&#x430;&#x437;&#x430;&#x43D;&#x430; &#x43D;&#x430; &#x43A;&#x43E;&#x440;&#x435;&#x448;&#x43A;&#x435;</subfield>
  </datafield>
  <datafield tag="327" ind1="0" ind2=" ">
    <subfield code="a">&#x410;&#x432;&#x442;.: &#x424;.&#x411;&#x443;&#x440;&#x432;&#x430;&#x43D;, &#x410;.&#x417;&#x432;&#x435;&#x440;&#x435;&#x432;, &#x422;&#x440;&#x43E;&#x438;&#x446;&#x43A;&#x438;&#x439;, &#x411;&#x435;&#x440;&#x43A;&#x443;&#x442;&#x43E;&#x432;, &#x410;.&#x417;&#x430;&#x43F;&#x43E;&#x440;&#x43E;&#x436;&#x447;&#x435;&#x43D;&#x43A;&#x43E;, &#x42F;.&#x421;&#x442;&#x440;&#x436;&#x430;&#x43B;&#x43A;&#x43E;&#x432;&#x441;&#x43A;&#x438;&#x439;, &#x418;.&#x41F;.&#x41D;&#x443;&#x434;&#x44C;&#x433;&#x430;, &#x41F;&#x44F;&#x442;&#x43A;&#x438;&#x43D;, &#x424;.&#x41B;&#x435;&#x431;&#x435;&#x434;&#x435;&#x432;, &#x410;.&#x416;&#x435;&#x43C;&#x447;&#x443;&#x436;&#x43D;&#x44B;&#x439; &#x438; &#x434;&#x440;.</subfield>
  </datafield>
  <datafield tag="461" ind1=" " ind2="1">
    <subfield code="1">001RU\NLR\A1SV\90551</subfield>
    <subfield code="1">2000#$v[&#x41A;&#x43D;.2]</subfield>
    <subfield code="9">10059332</subfield>
    <subfield code="c">[&#x421;&#x430;&#x43C;&#x430;&#x440;&#x430;]</subfield>
    <subfield code="d">1922</subfield>
    <subfield code="f">&#x421;&#x430;&#x43C;&#x430;&#x440;. &#x433;&#x443;&#x431;. &#x43A;&#x43E;&#x43C;&#x438;&#x441;. &#x43F;&#x43E;&#x43C;&#x43E;&#x449;&#x438; &#x433;&#x43E;&#x43B;&#x43E;&#x434;&#x430;&#x44E;&#x449;&#x438;&#x43C;</subfield>
    <subfield code="n">&#x413;&#x43E;&#x441;. &#x438;&#x437;&#x434;. &#x421;&#x430;&#x43C;&#x430;&#x440;. &#x43E;&#x442;&#x434;.</subfield>
    <subfield code="o">[&#x421;&#x431;. &#x43C;&#x430;&#x442;&#x435;&#x440;&#x438;&#x430;&#x43B;&#x43E;&#x432;]</subfield>
    <subfield code="t">&#x41D;&#x430; &#x444;&#x440;&#x43E;&#x43D;&#x442;&#x435; &#x433;&#x43E;&#x43B;&#x43E;&#x434;&#x430;</subfield>
    <subfield code="v">[&#x41A;&#x43D;.2]</subfield>
  </datafield>
  <datafield tag="702" ind1=" " ind2="1">
    <subfield code="a">&#x411;&#x443;&#x440;&#x432;&#x430;&#x43D;</subfield>
    <subfield code="b">&#x424;.</subfield>
  </datafield>
  <datafield tag="702" ind1=" " ind2="1">
    <subfield code="a">&#x417;&#x432;&#x435;&#x440;&#x435;&#x432;</subfield>
    <subfield code="b">&#x410;.</subfield>
  </datafield>
  <datafield tag="702" ind1=" " ind2="1">
    <subfield code="a">&#x422;&#x440;&#x43E;&#x438;&#x446;&#x43A;&#x438;&#x439;</subfield>
  </datafield>
  <datafield tag="702" ind1=" " ind2="1">
    <subfield code="a">&#x411;&#x435;&#x440;&#x43A;&#x443;&#x442;&#x43E;&#x432;</subfield>
  </datafield>
  <datafield tag="702" ind1=" " ind2="1">
    <subfield code="a">&#x417;&#x430;&#x43F;&#x43E;&#x440;&#x43E;&#x436;&#x447;&#x435;&#x43D;&#x43A;&#x43E;</subfield>
    <subfield code="b">&#x410;.</subfield>
  </datafield>
  <datafield tag="702" ind1=" " ind2="1">
    <subfield code="a">&#x421;&#x442;&#x440;&#x436;&#x430;&#x43B;&#x43A;&#x43E;&#x432;&#x441;&#x43A;&#x438;&#x439;</subfield>
    <subfield code="b">&#x42F;.</subfield>
  </datafield>
  <datafield tag="702" ind1=" " ind2="1">
    <subfield code="a">&#x41D;&#x443;&#x434;&#x44C;&#x433;&#x430;</subfield>
    <subfield code="b">&#x418;.&#x41F;.</subfield>
  </datafield>
  <datafield tag="702" ind1=" " ind2="1">
    <subfield code="a">&#x41F;&#x44F;&#x442;&#x43A;&#x438;&#x43D;</subfield>
  </datafield>
  <datafield tag="702" ind1=" " ind2="1">
    <subfield code="a">&#x41B;&#x435;&#x431;&#x435;&#x434;&#x435;&#x432;</subfield>
    <subfield code="b">&#x424;.</subfield>
  </datafield>
  <datafield tag="702" ind1=" " ind2="1">
    <subfield code="a">&#x416;&#x435;&#x43C;&#x447;&#x443;&#x436;&#x43D;&#x44B;&#x439;</subfield>
    <subfield code="b">&#x410;.&#x412;.</subfield>
    <subfield code="g">&#x410;&#x43B;&#x435;&#x43A;&#x441;&#x430;&#x43D;&#x434;&#x440; &#x412;&#x435;&#x43D;&#x435;&#x434;&#x438;&#x43A;&#x442;&#x43E;&#x432;&#x438;&#x447;</subfield>
  </datafield>
  <datafield tag="801" ind1=" " ind2="0">
    <subfield code="a">RU</subfield>
    <subfield code="b">NLR</subfield>
    <subfield code="c">20081114</subfield>
  </datafield>
  <datafield tag="899" ind1=" " ind2=" ">
    <subfield code="a">&#x420;&#x41D;&#x411;</subfield>
    <subfield code="j">37.69.2.16</subfield>
  </datafield>
  <datafield tag="899" ind1=" " ind2=" ">
    <subfield code="a">&#x420;&#x41D;&#x411;</subfield>
    <subfield code="j">127/899-2</subfield>
  </datafield>
  <datafield tag="942" ind1=" " ind2=" ">
    <subfield code="c">BOOK</subfield>
  </datafield>
  <datafield tag="980" ind1=" " ind2=" ">
    <subfield code="a">A1SV</subfield>
  </datafield>
  <datafield tag="980" ind1=" " ind2=" ">
    <subfield code="a">NB</subfield>
  </datafield>
</record>
